| 000 | 01010nam a22003017a 4500 | ||
|---|---|---|---|
| 001 | 4523 | ||
| 003 | FISKH | ||
| 005 | 20250702110604.0 | ||
| 008 | 240913b cb ||||| |||| 00| 0 eng d | ||
| 020 | _a9780545560054 | ||
| 040 |
_aFISKH _beng _cFISKH _dFISKH |
||
| 050 | _aPZ7.P3856 | ||
| 082 | _2813.6 | ||
| 100 |
_aPennypacker, Sara _d1951- |
||
| 245 |
_aClementine and the spring trip / _cSara Pennypacker Pictures by Marla Frazee |
||
| 250 | _aFirst printing in 2013 | ||
| 260 |
_aNew York: _bScholastic, _c2013. |
||
| 300 |
_a151 pages : _billustrations ; _c22cm |
||
| 505 | _aR | ||
| 520 | _aThird-grader Clementine's school field trip to Plimoth Plantation leads to all kind of discoveries, from fourth grade eating rules to the source of the stink on the bus. | ||
| 521 | 8 |
_a720L
_bLexile |
|
| 521 | 8 |
_aR
_bRaz-Plus |
|
| 650 |
_2School _aRules _vRealistic fiction |
||
| 650 |
_2Friendship _aField trip |
||
| 700 |
_aFrazee, Marla _dIllustrator |
||
| 942 |
_2ddc _cBK _n0 |
||
| 999 |
_c4523 _d4523 |
||